000 00453nab a2200145Ia 4500
003 ES-SlBCS
005 20210601123927.0
008 140529s2007 xxu||||| |||| 00| 0 eng d
041 _aeng
100 1 _aWilks, Ian
_9131598
245 0 0 _aAbelard on Context and Signification
_c Ian Wilks
600 0 4 _aAbelardo-Significación
_9132039
773 0 _tAmerican Catholic Philosophical Quarterly
_gvol. 81, nº. 2, 2007, págs. 189-208
_wRev1385
942 _cAR
999 _c506329
_d506329